00783nam a2200193 a 450000100100000000500170001000800410002702000180006804000250008610000330011124500660014426000400021030000210025050000620027170000290033395201050036295201050046799900170057200004248520201002040201.0131204s2008 dr 000 0 spa d a9789945001396 aDO-SdBNPbspacBNPHU1 aBrenes, RafaelcCholo96967610aMás allá del artista. /cRafael Brenes, Kevin Martínez. aSanto Domingo, :bMediabyte,c2008. a215 p. ;c23 cm. aIncluye datos biografícos de los autores en las solapas1 aMartínez, Kevin969677 0010718PDaPDbPDcCTd2013-12-04iLF1l0o p42485-10r2020-06-25w2020-06-25yLFPDZNo se presta 0010718PDaPDbPDcHDd2013-12-04iLF1l0o p42486-10r2020-06-25w2020-06-25yLFPDZNo se presta c41974d41974